[Event "Calvia Amateur op 20th"]
[Site "Calvia"]
[Date "2023.10.15"]
[Round "9"]
[White "Boyer, Christophe"]
[Black "Aird, Ian"]
[Result "0-1"]
[WhiteElo "1905"]
[BlackElo "1667"]
[PlyCount "46"]
[EventDate "2023.10.07"]
[EventType "swiss"]
[EventRounds "9"]
[EventCountry "ESP"]
[SourceTitle "Mega2024 Update 01"]
[Source "Chessbase"]
[SourceDate "2023.11.12"]
[SourceVersion "1"]
[SourceVersionDate "2023.11.12"]
[SourceQuality "1"]

1. d4 Nf6 2. Nf3 g6 3. Bf4 Bg7 4. e3 0-0 5. Be2 d6 6. 0-0 Nbd7 7. h3 b6 8. c4 Bb7 9. Nc3 Ne4 10. Ng5 Nxc3 11. bxc3 e5 12. h4 exf4 13. exf4 Nf6 14. d5 h6 15. Nf3 Ne4 16. Qc2 Re8 17. g4 Qf6 18. g5 Qxf4 19. Kh1 h5 20. a4 Nxc3 21. Bd1 Nxd5 22. Ra3 Nb4 23. Qb3 Be5 0-1

[Event "WchT Seniors 50"]
[Site "Struga"]
[Date "2023.09.26"]
[Round "7.4"]
[White "Aird, Ian"]
[Black "Hewson, Brian Wr"]
[Result "0-1"]
[WhiteElo "1664"]
[BlackElo "2023"]
[PlyCount "130"]
[EventDate "2023.09.19"]
[EventType "team-swiss"]
[EventRounds "9"]
[EventCountry "MKD"]
[SourceTitle "EXT 2024"]
[Source "ChessBase"]
[SourceDate "2023.10.10"]
[SourceVersion "1"]
[SourceVersionDate "2023.10.10"]
[SourceQuality "1"]
[WhiteTeam "Scotland 50"]
[BlackTeam "England 50 III"]
[WhiteTeamCountry "SCO"]
[BlackTeamCountry "ENG"]

1. e4 c6 2. Nc3 d5 3. Nf3 dxe4 4. Nxe4 Nf6 5. Qe2 Nxe4 6. Qxe4 Qa5 7. Bc4 Bf5 8. Qe5 Qxe5+ 9. Nxe5 e6 10. Bb3 Bd6 11. d4 a5 12. a4 Bxe5 13. dxe5 Nd7 14. Bf4 Nc5 15. 0-0-0 Be4 16. f3 Nxb3+ 17. cxb3 Bd5 18. Kc2 0-0 19. Rd2 Ra6 20. Be3 c5 21. Rd3 Rc8 22. Rc3 Rac6 23. Rc1 f5 24. Kb1 b6 25. Bg5 Kf7 26. Bh4 h6 27. Bf2 Ke7 28. Bg1 Kd7 29. Bf2 Rf8 30. Be1 f4 31. Bd2 Kc7 32. Re1 Kb7 33. Rec1 Rf5 34. Re1 Rc7 35. Kc1 Rcf7 36. Kb1 Rd7 37. Kc1 g5 38. h3 Bc6 39. Rc2 Bd5 40. Rc3 Rc7 41. Kb1 h5 42. Kc1 Rg7 43. Re2 g4 44. h4 gxf3 45. gxf3 Rg3 46. Rf2 Rh3 47. Rg2 Rxh4 48. Rg7+ Ka6 49. Rd3 Rh1+ 50. Kc2 Rf1 51. Rxd5 exd5 52. e6 Rxf3 53. e7 Re5 54. Rf7 d4 55. Bxf4 Rxf4 56. Rxf4 Rxe7 57. Rf6 h4 58. Rh6 Re2+ 59. Kc1 Rh2 60. Rh7 h3 61. Kb1 d3 62. Kc1 Rc2+ 63. Kb1 h2 64. Rh3 Rf2 65. Kc1 Rf1+ 0-1

[Event "WchT Seniors 50"]
[Site "Struga"]
[Date "2023.09.23"]
[Round "5.4"]
[White "Telenius, Kimmo"]
[Black "Aird, Ian"]
[Result "1/2-1/2"]
[WhiteElo "1561"]
[BlackElo "1664"]
[PlyCount "75"]
[EventDate "2023.09.19"]
[EventType "team-swiss"]
[EventRounds "9"]
[EventCountry "MKD"]
[SourceTitle "EXT 2024"]
[Source "ChessBase"]
[SourceDate "2023.10.10"]
[SourceVersion "1"]
[SourceVersionDate "2023.10.10"]
[SourceQuality "1"]
[WhiteTeam "Finland 50"]
[BlackTeam "Scotland 50"]
[WhiteTeamCountry "FIN"]
[BlackTeamCountry "SCO"]

1. e4 e5 2. Nf3 Nc6 3. Bb5 a6 4. Ba4 Nf6 5. d3 d6 6. c3 g6 7. Bb3 Bg7 8. Nbd2 0-0 9. 0-0 h6 10. Re1 Re8 11. Nf1 d5 12. Bc2 Be6 13. Bd2 Qd7 14. a4 a5 15. Rb1 d4 16. b4 axb4 17. cxb4 Nh5 18. b5 Na5 19. Qc1 Kh7 20. Qb2 Nf4 21. Bxf4 exf4 22. e5 Rad8 23. N1d2 Bf5 24. Nb3 Nxb3 25. Qxb3 Qd5 26. Qb2 c5 27. Bb3 Qd7 28. Qd2 g5 29. Qa2 Be6 30. a5 Ra8 31. Nd2 b6 32. a6 Bxb3 33. Qxb3 Qe6 34. Nc4 Re7 35. Re4 Raa7 36. Qc2 Kg8 37. Qe2 Kh7 38. Re1 1/2-1/2

[Event "WchT Seniors 50"]
[Site "Struga"]
[Date "2023.09.20"]
[Round "2.4"]
[White "Fink Nunn, Petra"]
[Black "Aird, Ian"]
[Result "1/2-1/2"]
[WhiteElo "1971"]
[BlackElo "1664"]
[PlyCount "85"]
[EventDate "2023.09.19"]
[EventType "team-swiss"]
[EventRounds "9"]
[EventCountry "MKD"]
[SourceTitle "EXT 2024"]
[Source "ChessBase"]
[SourceDate "2023.10.10"]
[SourceVersion "1"]
[SourceVersionDate "2023.10.10"]
[SourceQuality "1"]
[WhiteTeam "England 50 (W)"]
[BlackTeam "Scotland 50"]
[WhiteTeamCountry "ENG"]
[BlackTeamCountry "SCO"]

1. e4 e5 2. Nf3 Nc6 3. Bb5 a6 4. Ba4 Nf6 5. d3 d6 6. c3 g6 7. 0-0 Bg7 8. Nbd2 0-0 9. Re1 h6 10. h3 Re8 11. d4 b5 12. Bc2 d5 13. dxe5 Nxe5 14. Nxe5 Rxe5 15. Nf3 Re8 16. e5 Nh7 17. a4 Be6 18. Bf4 Ng5 19. axb5 Nxf3+ 20. Qxf3 axb5 21. Qe3 Kh7 22. Bg3 Qd7 23. Ra7 d4 24. cxd4 Rxa7 25. d5 Rea8 26. dxe6 Qxe6 27. Bb3 Qe7 28. Bd5 c5 29. Bxa8 Rxa8 30. Qb3 b4 31. f4 Qe6 32. Qxe6 fxe6 33. Bf2 Ra2 34. b3 Rc2 35. Ra1 g5 36. g3 gxf4 37. gxf4 Rc3 38. Ra6 Rxh3 39. Bxc5 Rxb3 40. Rb6 Rf3 41. Rxb4 Kg6 42. Kg2 Rc3 43. Bd4 1/2-1/2

[Event "Canadian op"]
[Site "Calgary"]
[Date "2023.07.28"]
[Round "8"]
[White "Russell, Wesley"]
[Black "Aird, Ian"]
[Result "1/2-1/2"]
[WhiteElo "1583"]
[BlackElo "1723"]
[PlyCount "40"]
[EventDate "2023.07.22"]
[EventType "swiss"]
[EventRounds "10"]
[EventCountry "CAN"]
[SourceTitle "EXT 2024"]
[Source "ChessBase"]
[SourceDate "2023.10.10"]
[SourceVersion "1"]
[SourceVersionDate "2023.10.10"]
[SourceQuality "1"]

1. e4 e6 2. d4 d5 3. Nc3 Nf6 4. Bg5 dxe4 5. Nxe4 Nbd7 6. c3 Be7 7. Nxf6+ Bxf6 8. Bxf6 Qxf6 9. Bd3 0-0 10. Qf3 c5 11. Qxf6 gxf6 12. Nf3 cxd4 13. Nxd4 Ne5 14. Bc2 Bd7 15. h3 Rfd8 16. 0-0-0 Rac8 17. Rhe1 Nc6 18. Nxc6 Bxc6 19. f3 f5 20. Rxd8+ Rxd8 1/2-1/2

[Event "Canadian op"]
[Site "Calgary"]
[Date "2023.07.26"]
[Round "6"]
[White "Miller, Brian"]
[Black "Aird, Ian"]
[Result "1/2-1/2"]
[WhiteElo "1667"]
[BlackElo "1723"]
[PlyCount "89"]
[EventDate "2023.07.22"]
[EventType "swiss"]
[EventRounds "10"]
[EventCountry "CAN"]
[SourceTitle "EXT 2024"]
[Source "ChessBase"]
[SourceDate "2023.10.10"]
[SourceVersion "1"]
[SourceVersionDate "2023.10.10"]
[SourceQuality "1"]

1. d4 d5 2. Nf3 Nf6 3. g3 c5 4. c4 dxc4 5. Nc3 e6 6. Bg2 Nc6 7. e3 Bd7 8. 0-0 Rc8 9. Qe2 Na5 10. Ne5 cxd4 11. exd4 Be7 12. d5 0-0 13. Rd1 Qe8 14. d6 Bd8 15. Bf4 Bb6 16. Bg5 Bd8 17. Bf4 Bb6 18. Rd2 Qd8 19. Bg5 Kh8 20. Nxd7 Qxd7 21. Bxf6 gxf6 22. Ne4 Bd8 23. Qh5 f5 24. Ng5 Bxg5 25. Qxg5 Rg8 26. Qf6+ Rg7 27. Rd4 Kg8 28. Rad1 Rg6 29. Qe5 Nc6 30. Bxc6 Rxc6 31. h3 b6 32. Kh2 Rc5 33. Qe2 b5 34. a4 e5 35. Rd5 Rxd5 36. Rxd5 Rxd6 37. Rxb5 e4 38. Qxc4 Rd2 39. Rb8+ Kg7 40. Qc3+ Qd4 41. Qxd4+ Rxd4 42. b4 Rd2 43. Kg1 Ra2 44. a5 Kf6 45. Rb7 1/2-1/2

[Event "Canadian op"]
[Site "Calgary"]
[Date "2023.07.24"]
[Round "4"]
[White "Ming, Jerry"]
[Black "Aird, Ian"]
[Result "1-0"]
[WhiteElo "1669"]
[BlackElo "1723"]
[PlyCount "40"]
[EventDate "2023.07.22"]
[EventType "swiss"]
[EventRounds "10"]
[EventCountry "CAN"]
[SourceTitle "EXT 2024"]
[Source "ChessBase"]
[SourceDate "2023.10.10"]
[SourceVersion "1"]
[SourceVersionDate "2023.10.10"]
[SourceQuality "1"]

1. e4 e6 2. d4 d5 3. Bd3 dxe4 4. Bxe4 Nf6 5. Bf3 c5 6. Ne2 Be7 7. 0-0 0-0 8. c4 Nc6 9. Be3 cxd4 10. Nxd4 Ne5 11. Be2 Bd7 12. Nd2 a6 13. h3 Rc8 14. N4f3 Ng6 15. Qb3 Qc7 16. Bd3 e5 17. Ne4 Bc6 18. Nxf6+ Bxf6 19. Ng5 Nf4 20. Bxf4 exf4 1-0

[Event "Canadian op"]
[Site "Calgary"]
[Date "2023.07.23"]
[Round "2"]
[White "Gibson, Leroy"]
[Black "Aird, Ian"]
[Result "1/2-1/2"]
[WhiteElo "1472"]
[BlackElo "1723"]
[PlyCount "129"]
[EventDate "2023.07.22"]
[EventType "swiss"]
[EventRounds "10"]
[EventCountry "CAN"]
[SourceTitle "EXT 2024"]
[Source "ChessBase"]
[SourceDate "2023.10.10"]
[SourceVersion "1"]
[SourceVersionDate "2023.10.10"]
[SourceQuality "1"]

1. c4 e6 2. Nc3 d5 3. d4 Nf6 4. Bg5 dxc4 5. e3 c5 6. Bxc4 cxd4 7. Bb5+ Bd7 8. Bxd7+ Qxd7 9. Bxf6 gxf6 10. exd4 Nc6 11. Nge2 Rd8 12. 0-0 Nxd4 13. Nxd4 Qxd4 14. Qf3 Be7 15. Qxb7 Qb6 16. Qf3 0-0 17. Rab1 f5 18. Ne2 Kh8 19. Nf4 Qb4 20. g3 a5 21. a3 Qb5 22. Qc3+ Kg8 23. Nh5 f6 24. Nf4 Rc8 25. Qf3 Qc6 26. Qe2 e5 27. Ng2 Qe4 28. Qb5 Bc5 29. Rbe1 Qg4 30. Ne3 Qf3 31. b4 axb4 32. axb4 Bd4 33. Qd5+ Qxd5 34. Nxd5 Kf7 35. Rb1 Ke6 36. Ne3 Rc3 37. Nd1 Rc2 38. Ne3 Rc3 39. Ng2 Rb8 40. Rfd1 Rb5 41. Rd2 Rc4 42. Ne3 Rcxb4 43. Rxb4 Rxb4 44. Nc2 Rb1+ 45. Kg2 Bc5 46. Ne3 Bd4 47. Ra2 Rb2 48. Rxb2 Bxb2 49. Kf3 Bd4 50. Ng2 Bb6 51. h3 Bc7 52. Ne3 e4+ 53. Ke2 f4 54. gxf4 Bxf4 55. Ng2 Kf5 56. f3 Bh6 57. fxe4+ Kxe4 58. Kf2 f5 59. Nh4 Be3+ 60. Kg2 f4 61. Nf3 h6 62. Nh4 Bc5 63. Nf3 Be7 64. Nh2 Bg5 65. Nf3 1/2-1/2

[Event "Palma de Mallorca op"]
[Site "Palma de Mallorca"]
[Date "2021.11.27"]
[Round "6"]
[White "Aird, Ian"]
[Black "Rossello Sanchez, Bartolome"]
[Result "1-0"]
[WhiteElo "1755"]
[BlackElo "1594"]
[PlyCount "120"]
[EventDate "2021.11.22"]
[EventType "swiss"]
[EventRounds "7"]
[EventCountry "ESP"]
[SourceTitle "CBM 205 Extra"]
[Source "ChessBase"]
[SourceDate "2022.01.31"]
[SourceVersion "1"]
[SourceVersionDate "2022.01.31"]
[SourceQuality "1"]

1. c4 Nf6 2. Nc3 e6 3. Nf3 Bb4 4. Qc2 b6 5. g3 Bb7 6. Bg2 0-0 7. a3 Bxc3 8. Qxc3 d5 9. cxd5 Nxd5 10. Qc2 Nf6 11. 0-0 c5 12. b3 Nbd7 13. Bb2 Rc8 14. Rac1 Qe7 15. d3 Rfd8 16. Qb1 Ne8 17. Rfd1 Nd6 18. Qa1 f6 19. Nh4 Bxg2 20. Nxg2 Nb5 21. Rc4 e5 22. e3 Nf8 23. Qc1 Ne6 24. Ne1 Qf7 25. b4 Nd6 26. Rc2 Qh5 27. bxc5 Nxc5 28. Qb1 Nde4 29. Rdc1 Nd6 30. Qa2+ Qf7 31. Qxf7+ Kxf7 32. d4 exd4 33. Bxd4 Nb3 34. Rxc8 Nxc8 35. Rc7+ Kg6 36. Nf3 Nxd4 37. Nxd4 Re8 38. Kg2 a6 39. Kf3 h6 40. Rc6 a5 41. a4 h5 42. h4 Kf7 43. Nf5 g6 44. Rxc8 gxf5 45. Rxe8 Kxe8 46. Ke2 Kd7 47. Kd3 b5 48. axb5 Kc7 49. Kc4 Kb6 50. f3 a4 51. Kb4 a3 52. Kxa3 Kxb5 53. Kb3 Kc5 54. Kc3 Kd5 55. Kd3 Ke5 56. Kc4 Kd6 57. Kd4 Kc6 58. e4 f4 59. gxf4 Kd6 60. f5 Ke7 1-0

[Event "WchT Seniors 50"]
[Site "Prague"]
[Date "2020.03.10"]
[Round "5.22"]
[White "Koblasa, Josef"]
[Black "Aird, Ian"]
[Result "1-0"]
[WhiteElo "1938"]
[BlackElo "1848"]
[PlyCount "89"]
[EventDate "2020.03.06"]
[EventType "team-swiss"]
[EventRounds "7"]
[EventCountry "CZE"]
[SourceTitle "CBM 195 Extra"]
[Source "ChessBase"]
[SourceDate "2020.05.31"]
[SourceVersion "1"]
[SourceVersionDate "2020.05.31"]
[SourceQuality "1"]
[WhiteTeam "Czech Republic 50 XI"]
[BlackTeam "Scotland 50 II"]
[WhiteTeamCountry "CZE"]
[BlackTeamCountry "SCO"]

1. c4 e6 2. Nc3 d5 3. cxd5 exd5 4. d4 c6 5. a3 Bf5 6. Nf3 Qc7 7. Bg5 Bd6 8. e3 Nd7 9. Bd3 Bxd3 10. Qxd3 Ngf6 11. Bh4 0-0 12. Bg3 Rfe8 13. 0-0 Ne4 14. Bxd6 Qxd6 15. Nd2 f5 16. f4 Nxd2 17. Qxd2 Nf6 18. Rf3 Re6 19. Ne2 Rae8 20. Ng3 g6 21. Rc1 Qe7 22. Rc3 h5 23. Qc1 h4 24. Nf1 Ng4 25. b4 a6 26. Rb3 Kg7 27. Qc5 Qxc5 28. bxc5 R6e7 29. h3 Nf6 30. Rf2 Rd8 31. Rfb2 Rdd7 32. Nd2 Rc7 33. Nf3 Nh7 34. Nxh4 Nf8 35. Nf3 Ne6 36. g4 Kf6 37. Ne5 Nd8 38. Rg2 Rg7 39. Kf2 Rce7 40. Rb1 g5 41. fxg5+ Kxg5 42. h4+ Kf6 43. g5+ Ke6 44. g6 Kf6 45. h5 1-0

[Event "WchT Seniors 50"]
[Site "Prague"]
[Date "2020.03.09"]
[Round "4.26"]
[White "Aird, Ian"]
[Black "Schwieger, Wolfgang"]
[Result "1/2-1/2"]
[WhiteElo "1848"]
[BlackElo "1835"]
[PlyCount "98"]
[EventDate "2020.03.06"]
[EventType "team-swiss"]
[EventRounds "7"]
[EventCountry "CZE"]
[SourceTitle "CBM 195 Extra"]
[Source "ChessBase"]
[SourceDate "2020.05.31"]
[SourceVersion "1"]
[SourceVersionDate "2020.05.31"]
[SourceQuality "1"]
[WhiteTeam "Scotland 50 II"]
[BlackTeam "Germany 50 X"]
[WhiteTeamCountry "SCO"]
[BlackTeamCountry "GER"]

1. e4 d6 2. d4 g6 3. Nc3 Bg7 4. Be3 c6 5. f4 f6 6. Nf3 Nh6 7. Qd2 f5 8. e5 d5 9. h3 b6 10. Rg1 e6 11. Bf2 Ba6 12. Bh4 Qd7 13. Bxa6 Nxa6 14. Qe2 Nc7 15. Qf2 Nf7 16. g4 Nh6 17. Bg5 Nf7 18. gxf5 exf5 19. Qe3 Ne6 20. 0-0-0 Nfxg5 21. Nxg5 0-0-0 22. Nxe6 Qxe6 23. Qd3 Kb7 24. Kb1 Bf8 25. Ne2 Be7 26. Rg2 Rd7 27. Ng1 Rhd8 28. Nf3 Ka8 29. Qa6 Rb7 30. h4 Rg8 31. Rdg1 Bd8 32. h5 Rbg7 33. hxg6 Rxg6 34. Qf1 Kb7 35. Ng5 Bxg5 36. Rxg5 Rxg5 37. Rxg5 Rxg5 38. fxg5 Qg6 39. Qh3 Kc7 40. Qh6 Kd7 41. Kc1 Ke7 42. Qxg6 hxg6 43. Kd2 c5 44. c3 Kd7 45. Ke3 Kc6 46. Kf4 b5 47. b4 cxd4 48. cxd4 Kd7 49. Ke3 Ke6 1/2-1/2

[Event "WchT Seniors 50"]
[Site "Prague"]
[Date "2020.03.07"]
[Round "2.24"]
[White "Aird, Ian"]
[Black "Mueller, Thomas2222"]
[Result "1-0"]
[WhiteElo "1848"]
[BlackElo "2020"]
[PlyCount "57"]
[EventDate "2020.03.06"]
[EventType "team-swiss"]
[EventRounds "7"]
[EventCountry "CZE"]
[SourceTitle "CBM 195 Extra"]
[Source "ChessBase"]
[SourceDate "2020.05.31"]
[SourceVersion "1"]
[SourceVersionDate "2020.05.31"]
[SourceQuality "1"]
[WhiteTeam "Scotland 50 II"]
[BlackTeam "Germany 50 VII"]
[WhiteTeamCountry "SCO"]
[BlackTeamCountry "GER"]

1. Nf3 Nf6 2. g3 g6 3. Bg2 Bg7 4. 0-0 0-0 5. d4 d6 6. a4 c6 7. a5 a6 8. Nc3 Nbd7 9. e4 Qc7 10. Re1 e5 11. h3 exd4 12. Nxd4 Nc5 13. Bf4 Ne8 14. Qd2 Ne6 15. Be3 Nxd4 16. Bxd4 Bxd4 17. Qxd4 Be6 18. Nd1 Rd8 19. Ne3 Ng7 20. Qf6 Rfe8 21. c4 Qe7 22. Qc3 Qd7 23. Kh2 f5 24. exf5 Nxf5 25. Ng4 Rf8 26. Nf6+ Rxf6 27. Qxf6 Bxc4 28. g4 Rf8 29. Qc3 1-0

[Event "Liberec op 20th"]
[Site "Liberec"]
[Date "2020.02.27"]
[Round "7"]
[White "Aird, Ian"]
[Black "Mraz, Pavel"]
[Result "1-0"]
[WhiteElo "1848"]
[BlackElo "1552"]
[PlyCount "57"]
[EventDate "2020.02.22"]
[EventType "swiss"]
[EventRounds "9"]
[EventCountry "CZE"]
[SourceTitle "CBM 195 Extra"]
[Source "ChessBase"]
[SourceDate "2020.05.31"]
[SourceVersion "1"]
[SourceVersionDate "2020.05.31"]
[SourceQuality "1"]

1. d4 d5 2. Nf3 Nf6 3. g3 e6 4. Bg2 c6 5. 0-0 Be7 6. c4 0-0 7. Qc2 Nbd7 8. Nbd2 Re8 9. e4 dxe4 10. Nxe4 Nxe4 11. Qxe4 Nf6 12. Qc2 Bd6 13. Re1 Bd7 14. c5 Bc7 15. h4 a5 16. Bd2 Qb8 17. Ne5 Bxe5 18. dxe5 Nd5 19. a3 Rc8 20. Be4 g6 21. Bg5 Be8 22. Bf3 Qc7 23. Qd2 h5 24. Bf6 Kh7 25. Qg5 Nxf6 26. exf6 Rd8 27. Be4 Rd4 28. Qxh5+ Kg8 29. Qh6 1-0

[Event "Marianske Lazne op Seniors"]
[Site "Marianske Lazne"]
[Date "2020.01.21"]
[Round "5"]
[White "Berka, Lubos"]
[Black "Aird, Ian"]
[Result "1/2-1/2"]
[WhiteElo "1689"]
[BlackElo "1857"]
[PlyCount "48"]
[EventDate "2020.01.18"]
[EventType "swiss"]
[EventRounds "9"]
[EventCountry "CZE"]
[SourceTitle "EXT 2022"]
[Source "ChessBase"]
[SourceDate "2021.10.06"]
[SourceVersion "1"]
[SourceVersionDate "2021.10.06"]
[SourceQuality "1"]

1. e4 c5 2. Nc3 Nc6 3. g3 g6 4. Bg2 Bg7 5. d3 d6 6. Nge2 e5 7. 0-0 Nge7 8. Bg5 f6 9. Be3 0-0 10. Qd2 Nd4 11. f4 Be6 12. fxe5 dxe5 13. Rf2 Qd7 14. Raf1 Rf7 15. Bh6 Raf8 16. Bxg7 Kxg7 17. b3 b5 18. a4 a6 19. axb5 axb5 20. Nxd4 cxd4 21. Na2 Nc6 22. Nb4 Nxb4 23. Qxb4 Ra8 24. Rc1 Ra6 1/2-1/2

[Event "Prague op-A 19th"]
[Site "Prague"]
[Date "2020.01.17"]
[Round "9"]
[White "Aird, Ian"]
[Black "Tesar, Jan"]
[Result "0-1"]
[WhiteElo "1857"]
[BlackElo "2001"]
[PlyCount "38"]
[EventDate "2020.01.10"]
[EventType "swiss"]
[EventRounds "9"]
[EventCountry "CZE"]
[SourceTitle "CBM 195 Extra"]
[Source "ChessBase"]
[SourceDate "2020.05.31"]
[SourceVersion "1"]
[SourceVersionDate "2020.05.31"]
[SourceQuality "1"]

1. d4 d5 2. Bf4 Nf6 3. e3 e6 4. Nd2 Bd6 5. Bg3 0-0 6. Ngf3 c5 7. c3 Nc6 8. Bd3 b6 9. Qe2 Re8 10. e4 e5 11. dxc5 Bxc5 12. Rd1 Bg4 13. 0-0 d4 14. Bb5 Qc7 15. Nb3 Red8 16. cxd4 Nxd4 17. Nbxd4 Bxd4 18. Rxd4 Rxd4 19. Bxe5 Qxe5 0-1

[Event "Prague op-A 19th"]
[Site "Prague"]
[Date "2020.01.16"]
[Round "8"]
[White "Pribyl, Viktor"]
[Black "Aird, Ian"]
[Result "1-0"]
[WhiteElo "2028"]
[BlackElo "1857"]
[PlyCount "47"]
[EventDate "2020.01.10"]
[EventType "swiss"]
[EventRounds "9"]
[EventCountry "CZE"]
[SourceTitle "CBM 195 Extra"]
[Source "ChessBase"]
[SourceDate "2020.05.31"]
[SourceVersion "1"]
[SourceVersionDate "2020.05.31"]
[SourceQuality "1"]

1. Nf3 d5 2. c4 e6 3. b3 Nf6 4. Bb2 Be7 5. g3 0-0 6. Bg2 c5 7. 0-0 Nc6 8. e3 Re8 9. Qe2 Bf8 10. d4 b6 11. Rd1 Bb7 12. Nc3 cxd4 13. cxd5 Nb4 14. dxe6 fxe6 15. Rxd4 Qc7 16. Rc1 Qe7 17. Nb5 Rac8 18. Nd6 Rxc1+ 19. Bxc1 Rb8 20. Nxb7 Qxb7 21. Ba3 a5 22. Ng5 Qe7 23. Qc4 Nfd5 24. Nxe6 1-0

[Event "Prague op-A 19th"]
[Site "Prague"]
[Date "2020.01.13"]
[Round "5"]
[White "Grichkevitch, Gilles"]
[Black "Aird, Ian"]
[Result "1/2-1/2"]
[WhiteElo "1985"]
[BlackElo "1857"]
[PlyCount "59"]
[EventDate "2020.01.10"]
[EventType "swiss"]
[EventRounds "9"]
[EventCountry "CZE"]
[SourceTitle "CBM 195 Extra"]
[Source "ChessBase"]
[SourceDate "2020.05.31"]
[SourceVersion "1"]
[SourceVersionDate "2020.05.31"]
[SourceQuality "1"]

1. e4 c5 2. Nf3 Nc6 3. Nc3 e5 4. Bc4 Be7 5. d3 Nf6 6. Ng5 0-0 7. f4 h6 8. Nf3 exf4 9. Bxf4 d6 10. a3 Be6 11. Nd5 Nd7 12. c3 Nde5 13. Ba2 Bf6 14. 0-0 Nxf3+ 15. Qxf3 Be5 16. Be3 Qh4 17. g3 Qh3 18. Rad1 Bg4 19. Qf2 Bxd1 20. Rxd1 Rac8 21. b4 cxb4 22. axb4 b5 23. Rf1 Bxc3 24. Nxc3 Nxb4 25. Bxf7+ Kh8 26. Bd4 Nxd3 27. Bxg7+ Kxg7 28. Qf6+ Kh7 29. Qg6+ Kh8 30. Qf6+ 1/2-1/2

[Event "Wch Seniors 50 29th"]
[Site "Bucharest"]
[Date "2019.11.23"]
[Round "11"]
[White "Moise, Octavian"]
[Black "Aird, Ian"]
[Result "1/2-1/2"]
[WhiteElo "2068"]
[BlackElo "1853"]
[PlyCount "63"]
[EventDate "2019.11.12"]
[EventType "swiss"]
[EventRounds "11"]
[EventCountry "ROU"]
[SourceTitle "CBM 193 Extra"]
[Source "ChessBase"]
[SourceDate "2020.01.31"]
[SourceVersion "1"]
[SourceVersionDate "2020.01.31"]
[SourceQuality "1"]

1. d4 d5 2. c4 e6 3. Nc3 Nf6 4. cxd5 exd5 5. Bg5 c6 6. e3 Be7 7. Bd3 Nbd7 8. Qc2 h6 9. Bh4 Nh5 10. Bxe7 Qxe7 11. Nge2 Nb6 12. 0-0 0-0 13. Rab1 a5 14. a3 Be6 15. Rbe1 Rac8 16. Nc1 Nf6 17. Nb3 Ra8 18. Nc5 Bc8 19. f3 Qd8 20. Qf2 Nbd7 21. Nxd7 Qxd7 22. g4 Qd8 23. h3 b6 24. e4 Ba6 25. Bxa6 Rxa6 26. e5 Ne8 27. f4 g6 28. f5 Ng7 29. f6 Ne6 30. Qh4 Kh7 31. Qf2 Ra8 32. Rd1 1/2-1/2

[Event "Wch Seniors 50 29th"]
[Site "Bucharest"]
[Date "2019.11.14"]
[Round "3"]
[White "Chinchilla Miranda, Eugenio"]
[Black "Aird, Ian"]
[Result "1/2-1/2"]
[WhiteElo "2271"]
[BlackElo "1853"]
[PlyCount "120"]
[EventDate "2019.11.12"]
[EventType "swiss"]
[EventRounds "11"]
[EventCountry "ROU"]
[SourceTitle "CBM 193 Extra"]
[Source "ChessBase"]
[SourceDate "2020.01.31"]
[SourceVersion "1"]
[SourceVersionDate "2020.01.31"]
[SourceQuality "1"]

1. d4 d5 2. c4 e6 3. Nc3 Nf6 4. cxd5 exd5 5. Bg5 c6 6. Qc2 Be7 7. e3 Nbd7 8. Bd3 h6 9. Bh4 Nh5 10. Bxe7 Qxe7 11. 0-0-0 Nb6 12. h3 Be6 13. Nf3 0-0-0 14. Kb1 Kb8 15. Na4 Nxa4 16. Qxa4 Nf6 17. Rc1 Bd7 18. Nd2 Rhe8 19. Qa5 Ne4 20. Bxe4 dxe4 21. Nb3 Bc8 22. Qd2 Rd5 23. Rc5 Rxc5 24. Nxc5 Qg5 25. g3 Qd5 26. Qc2 b6 27. Nb3 Be6 28. h4 f5 29. Nc1 Rc8 30. Rd1 Kb7 31. b3 Qa5 32. Ne2 Qb4 33. Qc3 Qb5 34. Nf4 Bf7 35. d5 Bxd5 36. Qxg7+ Rc7 37. Qe5 a5 38. Nxd5 Rd7 39. Qxf5 Rxd5 40. Rxd5 cxd5 41. Qf6 Qd3+ 42. Kc1 Qf1+ 43. Kd2 Qd3+ 44. Kc1 Qf1+ 45. Kb2 Qe2+ 46. Ka3 Qd2 47. Qd4 Qc1+ 48. Ka4 Qc6+ 49. Ka3 Qc1+ 50. Qb2 Qc5+ 51. b4 axb4+ 52. Qxb4 Qc1+ 53. Ka4 Qc2+ 54. Qb3 Qc6+ 55. Ka3 Qc1+ 56. Ka4 Qc6+ 57. Ka3 Qc1+ 58. Qb2 Qc5+ 59. Kb3 Qc4+ 60. Ka3 Qc5+ 1/2-1/2

[Event "Brno op 9th"]
[Site "Brno"]
[Date "2019.11.05"]
[Round "3"]
[White "Koutny, Petr"]
[Black "Aird, Ian"]
[Result "1-0"]
[WhiteElo "2217"]
[BlackElo "1853"]
[PlyCount "103"]
[EventDate "2019.11.03"]
[EventType "swiss"]
[EventRounds "7"]
[EventCountry "CZE"]
[SourceTitle "CBM 193 Extra"]
[Source "ChessBase"]
[SourceDate "2020.01.31"]
[SourceVersion "1"]
[SourceVersionDate "2020.01.31"]
[SourceQuality "1"]

1. e4 e5 2. Nf3 Nc6 3. Nc3 Nf6 4. Bb5 Nd4 5. Ba4 c6 6. d3 d6 7. h3 Be7 8. 0-0 b5 9. Bb3 Nxb3 10. axb3 0-0 11. Be3 a6 12. d4 Qc7 13. Bg5 Re8 14. Qd3 Bb7 15. Rfe1 Nh5 16. Bd2 Nf6 17. Ne2 Nd7 18. Ba5 Qb8 19. Ng3 g6 20. Rad1 Nf8 21. Bc3 Bf6 22. Nh2 Bg7 23. Ng4 Bc8 24. Qf3 Bxg4 25. hxg4 b4 26. Bd2 exd4 27. Ne2 Ne6 28. Qh3 c5 29. Bh6 Qd8 30. f4 f6 31. f5 Ng5 32. Bxg5 fxg5 33. Qd3 Be5 34. Rf1 Kg7 35. Rf3 Rf8 36. Rdf1 d5 37. fxg6 Rxf3 38. Qxf3 Qf6 39. Qxf6+ Bxf6 40. gxh7 dxe4 41. Ng3 Be5 42. Nxe4 Bf4 43. g3 Be3+ 44. Kg2 Kxh7 45. Rf5 Kg6 46. Rxc5 Re8 47. Rc6+ Kg7 48. Nd6 Ra8 49. Nf5+ Kf7 50. Nd6+ Ke7 51. Nc4 Ra7 52. Kf3 1-0

[Event "Brno op 9th"]
[Site "Brno"]
[Date "2019.11.04"]
[Round "2"]
[White "Aird, Ian"]
[Black "Jires, Jiri"]
[Result "1/2-1/2"]
[WhiteElo "1853"]
[BlackElo "2077"]
[PlyCount "53"]
[EventDate "2019.11.03"]
[EventType "swiss"]
[EventRounds "7"]
[EventCountry "CZE"]
[SourceTitle "CBM 193 Extra"]
[Source "ChessBase"]
[SourceDate "2020.01.31"]
[SourceVersion "1"]
[SourceVersionDate "2020.01.31"]
[SourceQuality "1"]

1. e4 e5 2. Nf3 Nc6 3. Nc3 Nf6 4. Bb5 Bb4 5. 0-0 0-0 6. Nd5 Nxd5 7. exd5 Ne7 8. Nxe5 Nxd5 9. d4 d6 10. Nf3 Ne7 11. c3 Ba5 12. Bg5 f6 13. Bf4 d5 14. Re1 Ng6 15. Be3 Qd6 16. Be2 Nf4 17. Bf1 Bg4 18. Qa4 Bb6 19. Bxf4 Qxf4 20. Re3 c6 21. Rae1 Qd6 22. Qc2 Bc7 23. g3 Bxf3 24. Rxf3 Rae8 25. Rfe3 Rxe3 26. Rxe3 g6 27. Qe2 1/2-1/2